Topological invariants of plane curves and caustics /

Guardado en:
Autor Principal: Arnol´d, V. I. 1937-
Formato: Libro
Idioma:English
Publicado: Providence, R.I. : American Mathematical Society, c1994.
Series:University lecture series (Providence, R.I.) ; 5.
Materias:
Etiquetas: Agregar Etiqueta
Sin Etiquetas, Sea el primero en etiquetar este registro!
LEADER 01286cam a2200277 a 4500
001 MAT.inmabb003609
008 940407s1994####riua#####b####000#0#eng##
005 20130225154611.0
245 1 0 |a Topological invariants of plane curves and caustics /  |c V. I. Arnold. 
260 |a Providence, R.I. :  |b American Mathematical Society,  |c c1994. 
300 |a vii, 60 p. :  |b il. ;  |c 26 cm. 
490 1 |a University lecture series ;  |v v. 5 
500 |a "Dean Jacqueline B. Lewis memorial lectures." 
504 |a Incluye referencias bibliográficas (p. 59-60). 
505 0 |a Lecture 1: Invariants and discriminants of plane curves (1. Plane curves; 2. Legendrian knots) -- Lecture 2: Symplectic and contact topology of caustics and wave fronts, and Sturm theory (3. Singularities of caustics and Sturm theory; 4. Singularities of wave fronts and the tennis ball theorem). 
510 4 |a MR,  |c 95h:57003 
020 |a 0821803085 
100 1 |a Arnol´d, V. I.  |q (Vladimir Igorevich),  |d 1937- 
830 0 |a University lecture series (Providence, R.I.) ;  |v 5. 
650 0 |a Curves on surfaces. 
650 0 |a Knot theory. 
650 0 |a Hamiltonian systems. 
084 |a 57M25 (53A04 57-02 57R42 58K35)  |2 msc2000 
010 |a  94016254  
040 |a DLC  |c DLC  |d DLC 
859 |h 57  |i Ar752  |p A-7459  |b BIB. MATEMATICA